[Event "GER-ch Blitz Women 2020"]
[Site "Magdeburg"]
[Date "2020.08.15"]
[Round "1.1"]
[White "Osmanodja, Filiz"]
[Black "Paehtz, Elisabeth"]
[Result "0-1"]
[WhiteElo "2293"]
[BlackElo "2473"]
[Annotator "TA"]
[PlyCount "44"]
[EventDate "2020.07.28"]
[EventType "tourn"]
[EventCountry "GER"]
[SourceTitle "playchess.com"]
[Source "ChessBase"]
[SourceQuality "1"]

{[%evp 14,44,24,8,32,27,31,52,31,56,64,40,31,0,0,0,0,0,-13,-72,-92,-460,-335,-346,-249,-630,-623,-1020,-1018,-1126,-935,-1192,-803]} 1. e4 c5 2. Nc3 a6 3. Nf3 d6 4. d4 cxd4 5. Nxd4 Nf6 6. Be3 Nbd7 7. Be2 e6 8. f4 {8.g4 is the modern continuation.} Qc7 {B84: Sicilian Scheveningen: 6 Be2 a6, lines without early Be3.} 9. g4 {g5 is the strong threat.} b5 {[%cal Bb7b5,Bb5b4,Bb4c3][%mdl 32]} 10. g5 b4 {White is slightly better.} 11. gxf6 bxc3 12. fxg7 Bxg7 13. b3 {[#]} Nc5 $146 ({Predecessor:} 13... Bb7 14. Bh5 Kf8 15. Bxf7 Kxf7 16. Qh5+ Ke7 17. Rg1 Bf6 18. f5 Bxe4 19. fxe6 Ne5 20. Bg5 Bxg5 21. Qxg5+ Ke8 {½-½ (21) Bonk,A (1930)-Peil,C (1902) Oberhof 2011}) 14. Bf3 Bb7 15. Rg1 Bf6 $36 {[%mdl 2048] Black fights for an advantage.} 16. f5 (16. e5 $11 dxe5 17. Bxb7 Qxb7 18. fxe5 Bxe5 19. Qf3 Bxh2 20. Rg5 Qxf3 21. Nxf3) 16... e5 $17 17. Bg5 $2 {[%mdl 8192] [#] This costs White the game.} (17. Ne2 $17 {was the crucial defense.}) 17... Bxg5 18. Rxg5 Qe7 ({Resist} 18... exd4 19. Qxd4 O-O-O 20. O-O-O $19) ({Weaker is} 18... Bxe4 19. Bxe4 Nxe4 20. Rg4 $19) 19. Ne6 $2 (19. Rg3 exd4 20. Qxd4) 19... Nxe6 $19 {Black is clearly winning.} 20. fxe6 Qxg5 21. exf7+ Ke7 22. Qe2 Qg1+ {Accuracy: White = 38%, Black = 83%.} 0-1

[Event "GER-ch Blitz Women 2020"]
[Site "Magdeburg"]
[Date "2020.08.15"]
[Round "1.2"]
[White "Braun, Kristin"]
[Black "Michna, Marta"]
[Result "0-1"]
[WhiteElo "1918"]
[BlackElo "2350"]
[Annotator "TA"]
[PlyCount "50"]
[EventDate "2020.07.28"]
[EventType "tourn"]
[EventCountry "GER"]
[SourceTitle "playchess.com"]
[Source "ChessBase"]
[SourceQuality "1"]

{[%evp 9,50,0,0,0,0,-26,0,0,3,0,0,0,121,36,66,0,29,-21,-6,-26,36,-92,-2,-87,-32,-102,-50,-65,-55,-51,-52,-61,-58,-55,-79,-150,-87,-572,-572,-560,-545,-573,-578]} 1. e4 e6 2. d4 d5 3. exd5 exd5 4. Nf3 Bg4 5. c4 Bb4+ 6. Nc3 $1 {C01: French: Exchange Variation.} Nf6 7. h3 Bh5 8. Be2 {The position is equal.} O-O 9. O-O dxc4 10. Bxc4 {[#]} h6 $146 {[#]} (10... Nc6 $11) ({Predecessor:} 10... Nc6 11. Bg5 h6 12. Bxf6 Qxf6 13. Nd5 Qd6 14. g4 Bg6 15. a3 Ba5 16. b4 Bb6 17. Nxb6 axb6 {½-½ (47) Ozolins,A (2147)-Vaganian,R (2546) Puhajarve 2018}) 11. a3 ({White should play} 11. g4 $1 $16 {aiming for Ne5.} Nxg4 12. hxg4 Bxg4 13. Re1) 11... Bd6 12. Be3 (12. g4 $14 Bg6 13. Ne5 Bxe5 14. dxe5) 12... Nbd7 13. Re1 Nb6 14. Ba2 c6 (14... Qd7 $11) 15. b4 (15. g4 $14 Bg6 16. Ne5) 15... a6 (15... Qd7 $17) 16. Rc1 (16. g4 $11 {remains equal.} Bg6 17. Ne5) 16... Re8 (16... a5 $17 17. bxa5 Bxf3 18. Qxf3 Rxa5) 17. Rb1 ({White should try} 17. Qb3 $15) 17... Nbd5 (17... Qd7 $17) 18. Nxd5 $15 Nxd5 19. Bxd5 cxd5 20. Rc1 Qf6 21. g4 Bg6 22. Bd2 {[#]} (22. Ne5 $142) 22... Rxe1+ ({Better is} 22... Be4 $1 {[%cal Re4f3]} 23. Re3 Rad8) 23. Qxe1 $4 {[%mdl 8192]} (23. Bxe1 $17 h5 24. Ne5) 23... Qxf3 $19 {[%mdl 64] Double Attack. Black is clearly winning.} 24. Qe3 Qxe3 25. fxe3 Be4 {Accuracy: White = 41%, Black = 43%.} 0-1

[Event "GER-ch Blitz Women 2020"]
[Site "Magdeburg"]
[Date "2020.08.15"]
[Round "1.3"]
[White "Mader, Lena"]
[Black "Scognamiglio, Stefanie"]
[Result "0-1"]
[WhiteElo "1839"]
[BlackElo "2097"]
[Annotator "TA"]
[PlyCount "102"]
[EventDate "2020.07.28"]
[EventType "tourn"]
[EventCountry "GER"]
[SourceTitle "playchess.com"]
[Source "ChessBase"]
[SourceQuality "1"]

{[%evp 20,102,14,0,0,0,0,-10,0,1,4,0,0,0,1,16,43,0,60,60,69,76,71,50,63,52,77,0,7,0,24,12,22,0,104,0,4,0,76,25,23,5,9,-132,0,-147,-138,-1100,-1085,-1870,-1870,-1870,-1870,-1855,-1855,-1847,-1847,-1847,-1842,-1826,-1764,-1824,-1765,-1749,-1738,-1568,-1336,-1726,-1709,-1517,-1095,-6319,-5835,-12842,-12843,-12844,-12843,-12843,-12843,-12847,-12847,-29985,-29986,-29990,-12848]} 1. c4 Nf6 2. Nc3 c5 3. g3 Nc6 4. Bg2 e6 5. Nf3 Be7 6. O-O O-O 7. d4 d5 8. cxd5 Nxd5 9. Nxd5 exd5 10. dxc5 Bxc5 11. Bf4 {[#]} h6 $146 {D41: Queen's Gambit Declined: Semi-Tarrasch with 5 cxd5.} ({Predecessor:} 11... Re8 12. Rc1 Bb6 13. a3 Bf5 14. b4 a6 15. Qd2 Qd7 16. Rfd1 Rad8 17. Qb2 Qe7 18. b5 axb5 19. Qxb5 {½-½ (43) Beydullayeva,G (2263)-Zhukova,N (2328) chess.com INT 2020}) 12. Rc1 Bb6 13. a3 Be6 {The position is equal.} 14. Ne5 Rc8 15. b4 Nxe5 16. Bxe5 Rxc1 17. Qxc1 Qd7 18. Qb2 (18. e3 {is interesting.} f6 19. Bb2 Rc8 20. Qb1 Bf5 21. Qd1) 18... f6 ({Better is} 18... d4 $1 $11) 19. Bd4 $14 Bxd4 20. Qxd4 b6 21. Rc1 Rd8 22. e3 Qa4 23. Qc3 (23. Bf3 $16) 23... Rc8 $11 24. Qb2 Rc4 25. h4 Qc6 26. Rd1 Qa4 (26... Kf8 $11) 27. Rc1 (27. Rxd5 $16 Qc2 28. Qxc2 Rxc2 29. Rd8+ Kf7 30. Ra8) 27... Qd7 28. Rd1 Rc8 (28... Qa4 $11 29. Rxd5 Qc2 30. Qxc2 Rxc2) 29. e4 (29. Qd4 $16) 29... Qa4 30. Rd4 dxe4 31. Rxe4 (31. Bxe4 $11 {keeps the balance.} Qb5 32. Qd2) 31... Bd5 ({Black should play} 31... Qd1+ $17 32. Kh2 Rc2) 32. Re2 (32. Re1 $11 Bxg2 33. Qa2+ Kf8 34. Kxg2) 32... Qd1+ $17 33. Bf1 $2 {[%mdl 8192] This costs White the game.} (33. Kh2 $17 Bxg2 34. Kxg2) 33... Rc1 $19 34. Re8+ {[#]} Kf7 $1 {[%mdl 512]} 35. Qe2 {[#]} Qxf1+ $1 {[%mdl 576] Deflection} 36. Qxf1 Rxf1+ 37. Kxf1 Kxe8 {[%mdl 4096] Endgame KB-KP} 38. Ke2 Kd7 39. Kd3 Bf3 40. Ke3 Bd1 41. Kd2 Ba4 42. Ke3 Ke6 43. Kd4 Kf5 44. Ke3 Ke5 45. f3 g5 46. hxg5 fxg5 47. Kd3 Bc6 48. Ke3 h5 49. f4+ gxf4+ 50. gxf4+ Kf5 51. Kd4 Kxf4 {Accuracy: White = 49%, Black = 76%.} (51... h4 $142 52. a4 h3 53. b5 Be4 54. a5 h2 55. axb6 axb6 56. Kc4 h1=Q 57. Kc3 Qc1+ {[%mdl 64] Double Attack} 58. Kb3 Bd5+ 59. Kb4 Qc4+ 60. Ka3 Qb3#) 0-1

[Event "GER-ch Blitz Women 2020"]
[Site "Magdeburg"]
[Date "2020.08.15"]
[Round "1.4"]
[White "Voicu-Jagodzinsky, Carmen"]
[Black "Skibbe, Diana"]
[Result "1/2-1/2"]
[WhiteElo "2244"]
[BlackElo "1991"]
[Annotator "TA"]
[PlyCount "113"]
[EventDate "2020.07.28"]
[EventType "tourn"]
[EventCountry "GER"]
[SourceTitle "playchess.com"]
[Source "ChessBase"]
[SourceQuality "1"]

{[%evp 19,113,25,38,0,58,70,117,62,47,18,18,23,23,0,0,0,0,0,14,0,0,0,0,0,0,-12,87,0,0,0,0,0,0,0,0,0,0,0,0,0,0,0,0,-21,0,-47,-47,-140,-76,-980,-965,-1240,-1220,-1059,-1000,-724,-501,-873,-622,-1119,-1084,-909,-764,-1518,-1524,-2070,-2028,-1560,0,0,0,0,0,0,0,0,0,0,0,0,0,0,0,0,0,0,0,0,0,0,0,0,0,0,0,0]} 1. e4 e5 2. Nf3 Nf6 3. Nxe5 d6 4. Nf3 Nxe4 5. Nc3 Nxc3 6. dxc3 Nc6 7. Be3 Be7 8. Qd2 O-O 9. O-O-O Be6 {Recently 9...Bf5 got a lot of attention.} 10. Kb1 Ne5 11. h4 {C42: Petroff Defence: 3 Nxe5 and unusual White 3rd moves.} Bg4 (11... h6 $11) 12. Be2 $14 {[#]} f5 $146 ({Predecessor:} 12... Nxf3 13. gxf3 Be6 14. h5 a5 15. Rhg1 Bf6 16. Bd4 Qe7 17. Rde1 Rfe8 18. Qh6 Bxd4 19. cxd4 {1-0 (40) Korshunov,S (2201)-Kapustin,A (1973) ICCF email 2014}) 13. Nxe5 (13. Qd5+ $16 Kh8 14. Qxb7 (14. Nxe5 Bxe2 15. Nf7+ {[%mdl 64] Discovered Attack} Rxf7 $14)) 13... dxe5 14. Bxg4 (14. Qe1 {is interesting.} Qc8 15. Bf4 exf4 16. Bxg4 fxg4 17. Qxe7 Rf7 18. Qb4) 14... Qxd2 15. Rxd2 {aiming for Rd7.} fxg4 16. g3 Rad8 17. Rhd1 Rxd2 18. Rxd2 $11 {[%mdl 4096] Endgame KRB-KRB} a6 19. c4 Rd8 20. Kc1 Kf7 21. Rd5 Ke6 22. Rd3 Bf6 {[#]} (22... Rxd3 $11 23. cxd3 Kf5) 23. b3 (23. Rb3 $1 $16) 23... e4 24. Rxd8 Bxd8 {KB-KB} 25. Bf4 c6 26. Kd2 Bb6 27. Be3 Ba5+ 28. c3 Bc7 29. a4 g6 30. Bd4 Kf5 31. Ke3 Bd6 32. b4 h5 33. c5 (33. Bg7 $15) 33... Bc7 (33... Be7 $142) 34. b5 $2 {[%mdl 8192]} (34. Bg7 $17) 34... cxb5 $19 35. axb5 axb5 36. Kd2 g5 37. hxg5 Kxg5 38. Kc2 (38. c4 $142 Ba5+ 39. Ke3 bxc4 40. c6 bxc6 41. Kxe4) 38... h4 39. Be3+ Kh5 40. gxh4 Kxh4 41. Kb3 Ba5 42. c4 bxc4+ 43. Kxc4 {[#]} g3 $2 ({Black should play} 43... Kh3 $1 $19 44. Kd5 Be1) 44. fxg3+ $11 {The position is equal.} Kxg3 {White must now prevent ...Bc7.} 45. Kd5 Kf3 46. Bg5 e3 {Threatens to win with ...e2.} 47. c6 bxc6+ 48. Kxc6 e2 49. Bh4 {[#]} Bd8 $1 {[%mdl 512]} 50. Be1 (50. Bxd8 e1=Q) 50... Bf6 51. Kd5 Bg5 {Hoping for ...Ke3.} 52. Ke5 Be3 {Strongly threatening ...Ba7.} 53. Kf5 Kg2 {And now ...Bf2 would win.} 54. Ke4 Kf1 55. Ba5 {[#]} Bb6 $1 {[%mdl 512]} 56. Bb4 {[#]} (56. Bxb6 e1=Q+) 56... Bc5 $1 {[%mdl 512]} 57. Ba5 {Whites escaped into a draw. Accuracy: White = 62%, Black = 79%.} (57. Bxc5 e1=Q+) 1/2-1/2

[Event "GER-ch Blitz Women 2020"]
[Site "Magdeburg"]
[Date "2020.08.15"]
[Round "1.5"]
[White "Leib, Britta"]
[Black "Sieber, Fiona"]
[Result "0-1"]
[WhiteElo "1903"]
[BlackElo "2201"]
[Annotator "TA"]
[PlyCount "133"]
[EventDate "2020.07.28"]
[EventType "tourn"]
[EventCountry "GER"]
[SourceTitle "playchess.com"]
[Source "ChessBase"]
[SourceQuality "1"]

{[%evp 17,133,21,11,0,1,-17,-10,-14,-22,-25,-22,-37,-8,-32,7,-17,-16,-58,-1,-179,-172,-178,-62,-136,-103,-143,-143,-141,-140,-131,81,-40,-39,-33,412,-31,207,196,207,194,356,254,581,204,634,535,29989,219,292,19,34,31,29,27,22,22,29,29,72,72,72,70,71,58,212,211,210,203,334,315,359,274,275,270,175,2422,602,81,89,13,12,0,0,0,0,0,0,0,11,11,16,0,38,38,45,0,0,0,0,0,3,6,376,356,402,402,581,574,574,574,529,275,275,275,1302,0,0,0]} 1. e4 c5 2. Nf3 d6 3. d4 cxd4 4. Nxd4 Nf6 5. Nc3 Nc6 6. Be2 e5 7. Nf3 h6 8. h3 Be7 9. O-O {9.0-0 is better than 9.Be3.} O-O 10. b3 {B58: Classical Sicilian: 6 Be2.} a6 {[#]} 11. Ba3 $146 ({Predecessor:} 11. Bb2 b5 12. Bd3 Bb7 13. Re1 Nb8 14. Nd2 Nbd7 15. a4 b4 16. Ne2 Nc5 17. Ng3 Re8 {½-½ (39) Jonasson,B (2290)-Dlugy,M (2525) Chicago 1990}) 11... b5 12. Bb2 Bb7 13. Bd3 Rc8 14. a3 Re8 15. Re1 Qd7 16. Qe2 Bd8 17. Rad1 Bb6 (17... Nd4 $15 18. Nxd4 exd4) 18. Nh4 $2 (18. Nd5 $11 Nxd5 19. exd5) 18... Nd4 $19 19. Qd2 Qe6 (19... Qd8 $19 {aiming for ...Nh5.} 20. Re3 Nh5) 20. Kh2 (20. Na2 $15) 20... Nh5 21. Nf5 Nxf5 22. exf5 Qe7 23. Be4 Red8 $2 (23... Nf6 $17 {And now ...Bd4 would win.} 24. Rc1 Nxe4 25. Nxe4 d5) 24. Nd5 (24. Bxb7 $1 $16 Qxb7 25. Nd5) 24... Bxd5 $1 $15 25. Bxd5 Nf4 $2 {[%mdl 8192] [#]} (25... Qc7 $15 {stays ahead.}) 26. Bf3 $2 ({White must play} 26. Qxf4 $1 $18 {[%mdl 512]} Rxc2 (26... exf4 27. Rxe7) 27. Bd4 $1 {[%mdl 512]} (27. f6 Qf8 $18) 27... Bxd4 28. Qxd4 $1 {[%mdl 576] Pin}) 26... Qa7 $2 (26... Qh4 $15 {keeps the upper hand.} 27. Rf1 a5) 27. g3 $18 Bxf2 28. gxf4 {Threatens to win with Re2.} exf4 $2 (28... Bxe1 {was called for.} 29. Rxe1 Qd7) 29. Rf1 Be3 $2 {[#]} (29... Bg3+ 30. Kh1 Qc5) 30. Qd3 $2 (30. Qg2 $1 {[%csl Gb2][%cal Rg2g7]} f6 31. Bxf6) 30... Qe7 $2 (30... Qc5) 31. Bd5 Kh7 32. Bc1 $2 (32. f6+ {mates} Kh8 33. fxe7 Bb6 34. Bxf7 Rg8 35. Qg6 $1 {[%mdl 512]} Bd4 36. Bxd4 Rxc2+ 37. Kh1 $1 {[%mdl 512]} Rh2+ 38. Kxh2 Rc8 39. Bxg7#) 32... Qh4 {( -> ...Qg3+)} 33. Qe2 $2 (33. Rf3 $18 Bxc1 34. Rxc1) 33... Qg3+ $11 34. Kh1 {Hoping for Rf3.} Qxh3+ {[%mdl 64] Double Attack} 35. Qh2 Qxh2+ 36. Kxh2 Rxc2+ 37. Kh3 Rdc8 {[%cal Re3c1]} 38. Bxe3 fxe3 39. Rde1 R8c3 40. Rf3 f6 $2 ({Black should try} 40... g5 $14) 41. Rexe3 $18 ({Don't take} 41. Rfxe3 $6 h5 $16) 41... Rxe3 42. Rxe3 {[%mdl 4096] Endgame KRB-KR} Ra2 (42... h5 $142 43. Kh4 Rf2) 43. b4 Rc2 44. Re8 {Intending Bg8+ and mate.} h5 45. Kh4 Rh2+ $2 (45... Rf2 46. Bb7 Rh2+ 47. Kg3 Ra2) 46. Kg3 Rc2 47. Bg8+ $2 (47. Bf7 $18 {Threatening mate with Bg6+.} h4+ 48. Kxh4) 47... Kh6 $16 48. Bf7 ({Better is} 48. Kf3 $16) 48... Kg5 $11 49. Be6 Rc3+ 50. Kg2 Rxa3 51. Rd8 Rd3 52. Rd7 h4 53. Rxg7+ Kf4 54. Rh7 Rg3+ 55. Kh2 Rg4 56. Rd7 (56. Kh3 $5 {[%cal Rh7h4]} Rg1 57. Rxh4+ Ke5 58. Bc8 $16) 56... Ke5 57. Ra7 Rxb4 58. Rxa6 Rb2+ 59. Kh3 Kf4 $2 {[%mdl 8192]} (59... Rb4 $11) 60. Rxd6 $18 b4 61. Rd4+ Ke3 (61... Ke5 $142 62. Rxh4 Kd6) 62. Rxh4 Kd3 63. Rh6 Rb1 {Strongly threatening ...Rh1+.} 64. Kg2 b3 {[#]} 65. Rh3+ $1 (65. Rxf6 b2 $15) 65... Kc2 $2 (65... Ke4 66. Rh4+ (66. Bxb3 Rb2+ 67. Kf1 Kxf5 $11) (66. Rxb3 Rxb3 67. Bxb3 Kxf5 $11) 66... Kd3) 66. Bxb3+ $2 (66. Bd5 $18) 66... Rxb3 $11 67. Rxb3 {[%mdl 32768] A wild game. Accuracy: White = 48%, Black = 38%. . Loss on time!?} 0-1

[Event "GER-ch Blitz Women 2020"]
[Site "Magdeburg"]
[Date "2020.08.15"]
[Round "1.6"]
[White "Heinemann, Josefine"]
[Black "Zeller, Elisa"]
[Result "1-0"]
[WhiteElo "2281"]
[BlackElo "1969"]
[Annotator "TA"]
[PlyCount "80"]
[EventDate "2020.07.28"]
[EventType "tourn"]
[EventCountry "GER"]
[SourceTitle "playchess.com"]
[Source "ChessBase"]
[SourceQuality "1"]

{[%evp 14,80,12,19,111,16,105,9,37,0,36,8,0,-7,1,0,16,15,25,10,45,55,106,27,183,90,284,256,266,17,22,20,27,23,46,7,60,58,71,31,122,119,155,157,156,162,158,154,175,156,155,85,139,6,180,70,118,112,156,142,177,150,224,196,265,259,416,405,380]} 1. e4 c5 2. Nc3 d6 3. g3 g6 4. Bg2 Bg7 5. d3 Nc6 6. Be3 e6 7. Qd2 a6 8. Nf3 b5 {B26: Closed Sicilian: 3 g3, lines with early Be3.} (8... e5 $11 {remains equal.}) 9. O-O (9. e5 $1 $16) 9... Nd4 {[#]} (9... b4 $11 {keeps the balance.} 10. Ne2 Bxb2) 10. Rae1 $146 (10. e5 $1 $16) ({Predecessor:} 10. Rab1 Ne7 11. Bh6 O-O 12. Bxg7 Nxf3+ 13. Bxf3 Kxg7 14. d4 c4 15. d5 Bb7 16. Rbd1 {½-½ (87) Ros Alonso,J (1461)-Arno Bendicho,X (1629) Lleida 2012}) 10... Bb7 {The position is equal.} 11. Nd1 (11. Nh4 {looks sharper.} Ne7 12. Nd1 O-O 13. c3 Ndc6 14. Bh6) 11... Ne7 12. c3 Nxf3+ 13. Bxf3 O-O 14. Bh6 f5 15. Bxg7 Kxg7 16. Bg2 e5 17. f4 $1 Qc7 (17... exf4 $14 18. Rxf4 Qd7) 18. Ne3 (18. fxe5 $1 $16 {e6 is the strong threat.} dxe5 19. exf5) 18... Rf6 $2 (18... exf4 $11 19. Rxf4 fxe4) 19. exf5 (19. fxe5 $1 $18 {has better winning chances.} dxe5 20. exf5) 19... gxf5 $2 (19... exf4 $16 {was necessary.} 20. Rxf4 gxf5) 20. Bxb7 Qxb7 {[#]} 21. Qg2 $2 ({White has to play} 21. fxe5 $1 $18 dxe5 {[#]} 22. Nxf5+ $1 {[%mdl 576] Decoy} Rxf5 23. Rxf5 Nxf5 24. Qg5+ {[%mdl 64] Double Attack} (24. Rxe5 Ne7 $15) 24... Kh8 25. Qxf5) 21... Qxg2+ $11 22. Nxg2 Nc6 23. Ne3 exf4 24. Nd5 Rf7 ({Better is} 24... fxg3 $11 25. hxg3 Rh6) 25. Rxf4 Ne5 26. Rd1 c4 (26... Raf8 $14) 27. dxc4 $16 bxc4 28. Ne3 Nd3 29. Rxf5 Nxb2 30. Rxd6 Re8 31. Rxf7+ Kxf7 $18 {[%mdl 4096] Endgame KRN-KRN} 32. Ng4 ({White should play} 32. Kf2) 32... Nd3 ({Black should try} 32... Re6 33. Rd5 Na4) 33. Rd7+ (33. Nh6+ $16 Kf8 34. Rf6+ (34. Rxa6 Re1+ 35. Kg2 Rc1 $16) 34... Ke7 35. Rxa6) 33... Ke6 $2 (33... Kg6 $1 $11 {and Black has nothing to worry.}) 34. Rd4 (34. Rxh7 $18 {Hoping for Rh6+.} Kf5 35. h3) 34... Rc8 35. Ne3 Nb2 36. Kf2 Na4 37. Nd1 ({Resist} 37. Nxc4 $6 Nxc3 38. Rh4 h5 $16) ({But not} 37. Rxc4 $6 Rxc4 38. Nxc4 Nxc3 $14) 37... Rf8+ (37... Rc5 $16 38. a3 Rh5) 38. Ke3 Ke5 (38... Rc8 $142 39. Rh4 Rc7 40. Rh6+ Kd5 41. Rxa6 Nc5) 39. Rxc4 Rf1 $2 (39... Nb6 {was called for.} 40. Rc5+ Kd6) 40. Rxa4 Rxd1 {Accuracy: White = 41%, Black = 15%.} 1-0

[Event "GER-ch Blitz Women 2020"]
[Site "Magdeburg"]
[Date "2020.08.15"]
[Round "1.7"]
[White "Zschischang, Marine"]
[Black "Kosovska, Olena"]
[Result "0-1"]
[WhiteElo "2070"]
[BlackElo "1881"]
[Annotator "TA"]
[PlyCount "80"]
[EventDate "2020.07.28"]
[EventType "tourn"]
[EventCountry "GER"]
[SourceTitle "playchess.com"]
[Source "ChessBase"]
[SourceQuality "1"]

{[%evp 9,79,-8,71,43,43,45,35,35,52,28,28,-22,41,24,28,16,58,40,34,0,17,22,25,-47,-31,-57,35,52,139,0,0,-123,-100,-882,-635,-606,-595,-1495,-583,-1472,-576,-533,-18,-1513,-783,-29992,-29993,-29994,-29995,-29995,-29996,-29996,-29960,-29963,-29965,-6291,-6191,-29995,-29994,-29995,-29996,-29996,-29997,-29997,-29998,-29998,-29996,-29996,0,-29998,-29999,-29999]} 1. d4 g6 2. e4 Bg7 3. Be3 c5 4. c3 cxd4 5. cxd4 d6 (5... d5 $11) 6. Qd2 {B06: Modern Defence.} Nf6 7. f3 Nc6 8. Nc3 {White is slightly better.} O-O 9. Be2 {[#]} Bd7 $146 ({Predecessor:} 9... Qa5 10. h4 h5 11. Nh3 e5 12. d5 Nd4 13. Bxd4 exd4 14. Nb5 Qb6 15. Na3 Qd8 16. Rc1 {0-1 (27) Pujante Martinez,R (1707)-Burgos Olmos,M (1860) Almansa 2017}) 10. h4 h5 (10... e5 $11 11. dxe5 dxe5) 11. Nh3 Bxh3 12. Rxh3 Qd7 13. Rd1 Rac8 14. Bh6 Rfd8 15. Bxg7 Kxg7 16. a3 (16. d5 $11 Nb4 17. a3) 16... a6 17. Rg3 Kh7 (17... e5 $15 18. d5 Nd4) 18. Qg5 $14 Qc7 (18... b5 $14) 19. e5 ({White should play} 19. f4 $16) 19... dxe5 $11 20. d5 (20. Bc4 $11 Kg7 21. Bxf7 Kxf7 22. Qxg6+ Kf8 23. Qh6+ Ke8 24. Qg6+ Kf8 25. Qg7+ Ke8 26. Qg6+ Kf8) 20... Nd4 {[#] White is on the road to losing.} 21. Rd2 $2 {[%mdl 8192]} (21. Bd3 $1 $17 {[%mdl 512]} Rg8 22. Kf1) 21... Nf5 22. Rh3 Qb6 23. g4 Qg1+ 24. Bf1 {[#]} Ng3 (24... Ne3 $142 $1 {[%csl Ge3][%cal Rg1f1]} 25. Ke2 Qxf1+ 26. Kxe3 Rxc3+ $1 {[%mdl 512]} 27. bxc3 Nxd5+ 28. Rxd5 Rxd5 29. Qh6+ {[%mdl 64] Decoy} Kxh6 30. g5+ Kg7 31. Rh2 Rd3+ {[%mdl 64] Double Attack} 32. Ke4 Qxf3+ 33. Kxe5 Qf5#) 25. Rf2 $19 {[#] intending Rxg3!} Nxd5 $2 $40 {[%mdl 128] Black has some attack.} (25... Rxc3 $1 $19 {[%mdl 512]} 26. bxc3 Nxf1 27. Rxf1 Qg2 28. gxh5 Qxh3 29. hxg6+ Kg7) 26. Nxd5 $2 {[%mdl 8192]} (26. gxh5 $11 Rxc3 27. hxg6+ Kg8 28. Rxg3 (28. gxf7+ Kxf7 29. Rxg3 Rc1+ 30. Qxc1 Qxg3 $11) 28... Re3+ {[#]} 29. Qxe3 $1 {[%mdl 512]} Qxg3 {[%mdl 64] Double Attack} 30. Qg5 Qxg5 31. hxg5) 26... Rxd5 27. gxh5 {[#]} Nxf1 $1 {[%mdl 512]} 28. Rxf1 {[#]} Rd1+ $1 {[%mdl 576] Deflection, Decoy} 29. Kxd1 Qxf1+ {[%mdl 64] Double Attack} 30. Kd2 Qxh3 31. hxg6+ fxg6 32. Qxe7+ {[%mdl 4096] Endgame} Kg8 {( -> ...Qg2+)} 33. Qf6 Qg2+ 34. Ke3 Qg1+ 35. Kd2 Qd4+ {[%mdl 64] Double Attack} 36. Ke1 Rc1+ 37. Ke2 Qd1+ 38. Ke3 Qd4+ {[%mdl 64] Double Attack} 39. Ke2 Rc2+ {[%mdl 64] Double Attack} 40. Kf1 Qf2# {Accuracy: White = 41%, Black = 50%.} 0-1